Sharjah Art Foundation Library
Normal view MARC view

Entry Genre/Form Term

Number of records used in: 1

001 - CONTROL NUMBER

  • control field: 9340

003 - CONTROL NUMBER IDENTIFIER

  • control field: OSt

005 - DATE AND TIME OF LATEST TRANSACTION

  • control field: 20260427122532.0

008 - FIXED-LENGTH DATA ELEMENTS

  • fixed length control field: 260427|| aca||aabn | a|a d

040 ## - CATALOGING SOURCE

  • Original cataloging agency: OSt
  • Transcribing agency: OSt

155 ## - HEADING--GENRE/FORM TERM

  • Genre/form term: Illustrated volume

670 ## - SOURCE DATA FOUND

  • Source citation: Work cat.: (OSt)6517: Ke Kiʻowai ʻo Honokawailani = Honokawailani Pond: A bilingual story of 'Ewa, O'ahu by the students of Ke Kula Kaiapuni 'o Waiau, 2017

Copyright © 2022. Sharjah Art Foundation. All Rights Reserved.